| 000 | 00536nam a2200193Ia 4500 | ||
|---|---|---|---|
| 008 | 131103s9999 xx 000 0 und d | ||
| 040 | _aLoreto College | ||
| 041 | _aEnglish | ||
| 082 |
_a938/HAM _bLCBkB/540 |
||
| 100 | _aHammond, N.G.L. | ||
| 245 | 2 |
_aA history of Greece to 322 B.C. _cN.G.L.Hammond |
|
| 260 |
_aOxford _bAt The Clarendon _c1967 |
||
| 300 |
_axxii,691 p. _b pic. _c 22cm. |
||
| 504 | _aIncludes index | ||
| 650 | _aAncient History | ||
| 651 | _aGreece - Ancient History | ||
| 850 | _aLCBkB/938/HAM | ||
| 942 | _cBK | ||
| 999 |
_c35095 _d85574 |
||